Classifica Marcatori Serie A 2011-2012 - Statistics

Statistiche generali
  • Questo quiz è stato fatto 166 volte
  • Il punteggio medio è 12 su 19
Statistiche sulle risposte
Gol Nazione Squadra Calciatore % Corretto
28 Svezia Milan Zlatan Ibrahimović
100%
23 Italia Udinese Antonio Di Natale
99%
23 Uruguay Napoli Edinson Cavani
98%
24 Argentina Inter Diego Milito
96%
12 Germania Lazio MIroslav Klose
90%
14 Montenegro Fiorentina Stevan Jovetić
83%
16 Argentina Atalanta Germán Denis
79%
16 Italia Palermo Fabrizio Miccoli
73%
10 Italia Juventus Alessandro Matri
65%
10 Italia Bologna Marco Di Vaio
61%
19 Argentina Genoa Rodrigo Palacio
59%
10 Cile Palermo/Cagliari Mauricio Pinilla
54%
10 Italia Milan Antonio Nocerino
49%
11 Argentina Roma Pablo Osvaldo
42%
15 Italia Parma Sebastian Giovinco
38%
12 Italia Siena Mattia Destro
36%
11 Italia Lecce David Di Michele
20%
11 Italia Siena Emanuele Calaiò
18%
11 Italia Novara Marco Rigoni
12%
Nessun quiz corrispondente trovato
Distribuzione punteggi
Percentuale di utenti per punteggio
Percentile per numero di risposta
I tuoi punteggi nel tempo
Non hai fatto questo quiz